00477 2200169 4500001002100000008004100021035002000062245005600082100002900138260004100167300001200208020002200220084001600242082000800258650002300266990001800289INLIS000000000000983 ind  a0010-0724000983 aMamatika Dalam PerjalanancSue Thomson; Ian Forster aSue Thomson; Ian Forster aKlatenbPenerbit Cempaka Putihc2009 a55 hlm. a978-979-662-465-2 a519.8 SUE m a519 aMatematika Terapan aP29/CP/24/983